Rock Bands by Members' First Names #1 - Statistics

General Stats
  • This quiz has been taken 128 times
  • The average score is 13 of 20
Answer Stats
Names Years Applicable Answer % Correct
George, John, Paul, Ringo 1962-1970 The Beatles
99%
Bill, Geezer, Ozzy, Tony 1968-1977, 1979, 1997-1998, 2011-2012, 2025 Black Sabbath
95%
Dave, Krist, Kurt 1990-1994 Nirvana
91%
Brian, Freddie, John, Roger 1971-1991 Queen
88%
Charlie, Keith, Mick, Ronnie 1975-2021 The Rolling Stones
82%
Cliff, James, Kirk, Lars 1982-1986 Metallica
79%
Adam, Bono, The Edge, Larry 1978-Present U2
79%
Jimmy, John, John Paul, Robert 1968-1980 Led Zeppelin
78%
Ace, Gene, Paul, Peter 1973-1980, 1996-2002 KISS
73%
Billie Joe, Mike, Tré 1990-Present Green Day
71%
Christine, John, Lindsay, Mick, Stevie 1974-1987, 1997-1998, 2014-2018 Fleetwood Mac
70%
John, Keith, Pete, Roger 1964-1978 The Who
61%
Brad, Chester, Dave, Joe, Mike, Rob 1998-2017 Linkin Park
57%
Colin, Ed, Jonny, Philip, Thom 1985-Present Radiohead
53%
Eddie, Jeff, Matt, Mike, Stone 1998-2025 Pearl Jam
50%
Alex, Geddy, Neil 1974-2015 Rush
50%
Jerry, Layne, Mike (x2), Sean 1987-2002 Alice in Chains
39%
Mark, Tom, Travis 1998-2005, 2022-Present blink-182
39%
Cass, Denny, John, Michelle 1965-1968, 1971 The Mamas & the Papas
38%
Ben, Chris, Kim, Matt 1990-1997, 2010-2017 Soundgarden
30%
No matching quizzes found
Score Distribution
Percent of People with Each Score
Percentile by Number Answered
Your Score History
You have not taken this quiz